Fast Typing - Croatia - Statistics

General Stats
  • This quiz has been taken 36 times
  • The average score is 11 of 15
Answer Stats
Croatia % Correct
Croatia
100%
Croatia
95%
Croatia
95%
Croatia
86%
Croatia
86%
Croatia
86%
Croatia
77%
Croatia
73%
Croatia
68%
Croatia
68%
Croatia
64%
Croatia
64%
Croatia
59%
Croatia
45%
Croatia
45%
No matching quizzes found
Score Distribution
Percent of People with Each Score
Percentile by Number Answered
Your Score History
You have not taken this quiz